Compendio de ortografía en verso castellano, adoptado últimamente para mayor inteligencia de la juventud

Detalles Bibliográficos
Formato: Libro
Lenguaje:Undetermined
Spanish
Publicado: México 1828
Materias:
Colección:Banco de datos
Acervo:Biblioteca Fenando Tola de Habich. Colección bibliográfica
Descripción Física:28 p. 15 cm.
Notas:Ex libris manuscrito de Francisco Rodríguez, en la guarda
LEADER 00615nam a2200157Ia 4500
008 150723s9999 xx 000 0 und d
041 0 |a spa 
245 1 0 |a Compendio de ortografía en verso castellano, adoptado últimamente para mayor inteligencia de la juventud 
260 |a México  |b Imprenta a cargo de José Márquez, calle de las capuchinas núm. 1  |c 1828 
300 |a 28 p.  |c 15 cm. 
500 |a Ex libris manuscrito de Francisco Rodríguez, en la guarda  
651 4 |a México- Gramática 
852 |a 338 
942 |c TOLALIB 
943 |g Biblioteca Fenando Tola de Habich. Colección bibliográfica 
999 |c 989848  |d 989848